Vedant darshan ka itihas (Record no. 397066)

MARC details
000 -LEADER
fixed length control field 00585 a2200217 4500
005 - DATE & TIME
control field 20260513103543.0
008 - FIXED-LENGTH DATA ELEMENTS--GENERAL INFORMATION
fixed length control field 260511b |||||||| |||| 00| 0 eng d
020 ## - ISBN
International Standard Book Number 9788170770580
Price Rs. 450.00
040 ## - CATALOGING SOURCE
Original cataloging agency VIVEKANANDA LIBRARY
082 ## - DDC NUMBER
Classification number 181.48
Book Number S24V
100 ## - MAIN ENTRY--PERSONAL NAME
Personal name Udyaveer, Shastri
245 ## - TITLE STATEMENT
Title Vedant darshan ka itihas
260 ## - PUBLICATION, DISTRIBUTION, ETC. (IMPRINT)
Place of publication, distribution, etc Gaziyabad
Name of publisher, distributor, etc Vijaykumar Govindram Hasanand
Date of publication, distribution, etc 2025
300 ## - PHYSICAL DESCRIPTION
Pages 463
440 ## - Series Statement
Series Title Udayveer shastri granthavali
650 ## - Subject
Subject Philosophy
650 ## - Subject
Subject Eastern Philosophy
650 ## - Subject
Subject Indian Philosophy
650 ## - Subject
Subject Vedanta Philosophy
942 ## - ADDED ENTRY ELEMENTS (KOHA)
Koha item type Books
Holdings
Withdrawn status Lost status Source of classification or shelving scheme Damaged status Not for loan Location (home branch) Sublocation or collection (holding branch) Shelving location Date acquired Koha issues (times borrowed) Koha full call number Accession No. Koha date last seen Koha item type
    Dewey Decimal Classification     VIVEKANANDA LIBRARY VIVEKANANDA LIBRARY Vivekananda Library 11/03/2026   181.48 S24V 438741 11/03/2026 Books
© Designed and Maintained by Vivekananda Library, MDU Rohtak